000 01013nam a2200301 i 4500
001 91660
003 ES-MaACL
005 20230906180758.0
007 t|
008 050204s2004 sp ||||1| spa d
020 _a84-484-0144-1
080 _a376.1-056.262(460)(091)
080 _a78:37(460)(091)
100 1 _aBurgos Bordonau, Esther.
_932660
245 1 0 _aHistoria de la enseñanza musical para ciegos en España
_b: 1830-1938 /
_cEsther Burgos Bordonau.
250 _a1ª ed.
260 _aMadrid :
_bONCE,
_c2004.
300 _a430 p. :
_bil. col. y n. ;
_c24 cm +
_e1 disco (CD-ROM)
490 1 _aEstudios
504 _aBibliografía: p. 347-372.
650 4 _aCiegos-
_xEducación.
_9157271
650 4 _aMúsica-
_xEstudio y enseñanza-
_zEspaña-
_yS.XIX.
_9176152
650 _aMúsica-
_xEstudio y enseñanza-
_zEspaña-
_yS.XX.
_9149097
710 2 _aOrganización Nacional de Ciegos Españoles.
_96071
830 1 _aEstudios
_9177349
852 4 _aES-MaACL
_jL-28782
999 _c91660
_d91660